000 00663nam a2200205Ii 4500
003 JO-AjNU
008 230605s9999||||xx |||||||||||||| ||und||
040 _aJO-AjNU
_bara
_erda
_cJO-AjNU
041 _aara
050 1 4 _aPJ6071 1986
100 3 _aتحرير الكبيسي،طراد,
_eauthor
_917731
245 0 0 _aدراسات في اللغة
264 3 1 _aبغداد: دار الشؤون الثقافة العامة، 1986
300 _a222ص
336 _atext
_btxt
_2rdacontent
337 _aunmediated
_bn
_2rdamedia
338 _avolume
_bnc
_2rdacarrier
490 0 _aكتاب المورد1
650 4 _aدراسات في اللغة-اللغة
_917732
999 _aA5540
_c9108
_d9108